Największe miasta w Grecji - Statystyki

Ogólne statystyki
  • Ten quiz został rozwiązany 387 razy
  • Średni wynik to 4 z 10
Statystyki odpowiedzi
Hint Odpowiedź % Poprawnych
664 046 Ateny
100%
315 196 Saloniki
88%
140 730 Heraklion
45%
144 651 Larisa
31%
88 525 Chania
29%
167 446 Patras
28%
85 803 Janina
24%
130 094 Wolos
11%
74 564 Chalkida
5%
100 723 Acharnes
2%
Nie znaleziono quizów pasujących do podanych kryteriów
Rozkład punktacji
Procent ludzi z każdym wynikiem
Percentyl według liczby udzielonych odpowiedzi
Twoja historia wyników
Nie rozwiązałeś tego quizu